| 000 | 01172cam a2200325 4500 | ||
|---|---|---|---|
| 008 | 090401t1994 xxu||||| |||| 00| 0 eng d | ||
| 020 | _a0117017922 | ||
| 035 | _a(Sirsi) u29193 | ||
| 041 | _aeng | ||
| 050 | _a693.832 | ||
| 110 | _aBuilding Research Establishment | ||
| 245 | _aThermal insulation: avoiding risks: a good practice guide supporting building regulations requirements. | ||
| 250 | _a2nd ed. | ||
| 260 |
_aLondon _bHMSO _c1994 |
||
| 300 | _a70p. : ill. ; 30cm. | ||
| 350 | _a16.5 | ||
| 490 |
_aBRE Building Renewal _v262 |
||
| 520 | _aPublished jointly with BRE to support building regulations for the conservation of fuel and power. BRE ISBN 0 851256325. | ||
| 650 |
_aBUILDING REGULATIONS _96224 |
||
| 650 | _aCONDENSATION | ||
| 650 | _aDAMP | ||
| 650 | _aBUILT ENVIRONMENT-BUILDING ELEMENTS-COMPLETE BUILDING ELEMENTS-FLOORS | ||
| 650 | _aINSULATION | ||
| 650 | _aBUILT ENVIRONMENT-BUILDING ELEMENTS-COMPLETE BUILDING ELEMENTS-ROOFS | ||
| 650 | _aBUILT ENVIRONMENT-BUILDING ELEMENTS-COMPLETE BUILDING ELEMENTS-WALLS | ||
| 650 | _aWINDOWS | ||
| 690 | _aBUILDING AND CONSTRUCTION-REGULATIONS | ||
| 942 | _n0 | ||
| 948 | _c04/03/1997 | ||
| 999 |
_c89403 _d89403 |
||